| 000 | 00496nam a2200217Ia 4500 | ||
|---|---|---|---|
| 999 |
_c12879 _d12879 |
||
| 003 | 0100 | ||
| 005 | 20180924120338.0 | ||
| 008 | 130303s9999 xx 000 0 und d | ||
| 020 | _a0534082629 | ||
| 040 | _cARRUPELIB | ||
| 050 | _aBC177.G65 1988 | ||
| 100 |
_aGovier, Trudy _942504 |
||
| 245 | 2 | _aA practical study of argument | |
| 250 | _a2nd . ed. | ||
| 260 | _aCalifornia | ||
| 260 | _bWadsworth Publishing Company | ||
| 300 | _aviii | ||
| 300 | _b 376p. 23cm | ||
| 650 |
_aReasoning _912415 |
||
| 650 |
_aLogic _942505 |
||
| 942 | 0 | 0 |
_02 _2lcc _cMONOGRAPH |